[Event "IECC KO-5062"]
[White "Oppedal, James"]
[Black "Venturas, Bob"]
[Site "IECC email"]
[Round "?"]
[Result "1-0"]
[Date "2007.07.03"]
[WhiteElo "1584"]
[BlackElo "1137"]
[PlyCount "98"]
[EventDate "2007.??.??"]
[EventType "match (corr)"]
[EventRounds "2"]
[SourceTitle "Corr 2011"]
[Source "ChessBase"]
[SourceDate "2010.08.31"]
[SourceVersion "1"]
[SourceVersionDate "2010.08.31"]
[SourceQuality "1"]
[WhiteTeam "US of America"]
[BlackTeam "South Africa"]
[WhiteTeamCountry "USA"]
[BlackTeamCountry "RSA"]

1. d4 d5 2. Nf3 Nc6 3. e3 a6 4. Bd3 Nf6 5. 0-0 Bg4 6. Nbd2 Ne4 7. Nxe4 dxe4 8. Bxe4 Qd7 9. c4 e5 10. Bxc6 Qxc6 11. Nxe5 Bxd1 12. Nxc6 bxc6 13. Rxd1 Be7 14. e4 0-0 15. c5 Rab8 16. b3 f5 17. Bf4 Rbc8 18. Re1 fxe4 19. Rxe4 Bf6 20. g4 g6 21. Rae1 Bg7 22. Be5 Bh6 23. h4 g5 24. h5 Bg7 25. Bxg7 Kxg7 26. Re7+ Rf7 27. Kg2 Kf8 28. R7e6 Rf4 29. R1e4 Rxe4 30. Rxe4 Kf7 31. Kg3 h6 32. f4 gxf4+ 33. Kxf4 Rf8 34. Ke3 Rd8 35. Re5 Rg8 36. Kf4 Kf6 37. Rf5+ Ke6 38. g5 hxg5+ 39. Rxg5 Rf8+ 40. Ke3 Rh8 41. Ke4 Rh7 42. Rg6+ Kd7 43. h6 Ke7 44. Rg7+ Rxg7 45. hxg7 Kf7 46. Ke5 Kxg7 47. Ke6 Kf8 48. Kd7 a5 49. Kxc7 Ke8 1-0

[Event "IECC KO-5062"]
[White "Venturas, Bob"]
[Black "Oppedal, James"]
[Site "IECC email"]
[Round "?"]
[Result "0-1"]
[Date "2007.07.03"]
[WhiteElo "1135"]
[BlackElo "1586"]
[PlyCount "91"]
[EventDate "2007.??.??"]
[EventType "match (corr)"]
[EventRounds "2"]
[SourceTitle "Corr 2011"]
[Source "ChessBase"]
[SourceDate "2010.08.31"]
[SourceVersion "1"]
[SourceVersionDate "2010.08.31"]
[SourceQuality "1"]
[WhiteTeam "US of America"]
[BlackTeam "South Africa"]
[WhiteTeamCountry "USA"]
[BlackTeamCountry "RSA"]

1. e4 c5 2. c4 Nc6 3. Nf3 d6 4. h3 Nf6 5. Nc3 e6 6. d3 Be7 7. Be2 0-0 8. Bg5 Bd7 9. a3 Nd4 10. Bh4 Qb6 11. Rb1 Nb3 12. 0-0 Rfe8 13. Nd2 Nxd2 14. Qxd2 Nxe4 15. Nxe4 Bxh4 16. Qf4 Be7 17. Bh5 Rf8 18. Ng5 Bxg5 19. Qxg5 Qd8 20. Qe3 Rc8 21. f4 d5 22. b3 d4 23. Qe2 Bc6 24. Rb2 Qc7 25. Qe5 Qxe5 26. fxe5 f6 27. exf6 Rxf6 28. Rbf2 Rcf8 29. Bg4 Kf7 30. Bf3 Bxf3 31. Rxf3 Ke7 32. Rxf6 Rxf6 33. Rf2 e5 34. Re2 Ke6 35. Rf2 e4 36. dxe4 Ke5 37. Rxf6 gxf6 38. Kf2 Kxe4 39. Ke2 Kf4 40. Kf2 d3 41. g3+ Ke4 42. h4 Kd4 43. g4 Kc3 44. Ke1 Kc2 45. b4 d2+ 46. Ke2 0-1